Bochum A-Z - Statistiken

Allgemein
  • Dieses Quiz wurde 54 mal gespielt
  • Das Durchschnittsergebnis liegt bei 18 aus 26
Antwortstatistiken
Hinweis Antwort % Korrekt
C An dieser Straße, benannt nach einer Nachbarstadt, liegt das Stadion Castroper Straße
92%
G Popsänger, der in Bochum aufgewachsen ist und die (inoffizielle) Hymne der Stadt gesungen hat Herbert Grönemeyer
92%
O Automobilkonzern, der von den 60ern bis 2014 in Bochum produzierte Opel
92%
V Der größte Fußballverein der Stadt VfL Bochum
92%
R Fluss der durch den Süden der Stadt fließt Ruhr
90%
S Dieses Musical wird seit 1988 in einem eigenen Gebäude nahe des Stadions aufgeführt Starlight Express
88%
W Diese Hansestadt zwischen Bochum und Essen wurde trotz Bürgerprotest 1975 in Bochum eingemeindet Wattenscheid
83%
B Bekanntes Museum mit Förderturm Bergbau-Museum
81%
H Nördliche Nachbarstadt, welche beinahe als Bochum-Nord eingemeindet worden wäre Herne
81%
N Finnisches Technologieunternehmen (u.a. Handys), welches bis 2008 ein großen Werk in Bochum hatte Nokia
81%
Q In diesem Stadtteil befindet sich die Universität und Hochschule von Bochum Querenburg
79%
K Stausee im Süden der Stadt Kemnader See
77%
Z Bergbaustätten, u.a. Hannover, Lothringen, Holland Zeche
75%
A Diese Autobahn verbindet Bochum mit Dortmund und Essen A40
69%
J Veranstaltungshalle in Stahlhausen am Westpark Jahrhunderthalle
69%
L Östlichster Stadtteil an der Grenze zu Witten und Dortmund mit Matrix, Kulturbahnhof und Ümminger See Langendreer
67%
T Großes Umsonst-und-Draußen-Festival im Bermudadreieck. Bochum... Total
67%
P Kuppelbau am Stadtpark, in denen u.a. Sternenshows stattfinden Planetarium
65%
D Stadtteil im äußersten Südwesten Bochums mit Eisenbahnmuseum und Schwimmbrücke Dahlhausen
63%
E Innenstädtischer Stadtteil mit S-Bahnhof und Schauspielhaus Ehrenfeld
56%
F Bochumer Lotto-Service-Unternehmen, auch bekannt als Trikotsponsor von regenbogenfarbigen Bochum-Trikots der 90er Faber
56%
U Kino im Bermudadreieck gegenüber vom Casablanca Kino Union Kino
54%
M Größte Brauerei Bochums Moritz Fiege
52%
I Kneipe beim Bermudadreieck, welche durch ihre langen Öffnungszeiten bis in die Morgenstunden bekannt ist Intershop
23%
Y SPD-Politiker und Bundestagsabgeordneter aus Bochum. Von 2010 bis 2025 Mitglied des Landtags Serdar Yüksel
23%
X Partnerstadt Bochums, Millionenstadt im Norden der chinesischen Provinz Jiangsu Xuzhou
6%
Keine übereinstimmenden Quizze gefunden
Verteilung der Resultate
Anzahl Personen mit jedem Resultat
Perzentil nach korrekt beantworteten Fragen
Ihre Resultats-Entwicklung
Sie haben dieses Quiz noch nicht gespielt